Vista normal
Vista MARC
Entrada Materia (tema)
Número de registros utilizados en: 1
001 - CONTROL NUMBER
- control field: 106504
003 - CONTROL NUMBER IDENTIFIER
- control field: Co-BoUCM
005 - DATE AND TIME OF LATEST TRANSACTION
- control field: 20210928151029.0
008 - FIXED-LENGTH DATA ELEMENTS
- fixed length control field: 210928|| aca||aabn | a|a d
040 ## - CATALOGING SOURCE
- Original cataloging agency: Co-BoUCM
- Transcribing agency: Co-BoUCM
150 ## - HEADING--TOPICAL TERM
- Topical term or geographic name as entry element: Cirugía
- General subdivision: Cuidado del paciente
670 ## - SOURCE DATA FOUND
- Source citation: Work cat.: (Co-BoUCM)319946: Lewis, Sharon L. 106435, Guía práctica de enfermería medicoquirúrgica , 2018